000 04137nam a2200457 i 4500
001 xb30083345
006 m d
007 cr n
008 200605t20202020enka sb 000 0 eng d
020 _a9781783749379
_q(pdf)
020 _z9781783749355 (pbk.)
020 _z9781783749362 (hbk.)
022 _z2632-6906 (Print)
022 _z2632-6914 (Online)
040 _aStSaUL
_beng
_erda
245 0 0 _aStudies in Semitic vocalisation and reading traditions
_h[electronic resource] /
_cedited by Aaron D. Hornkohl and Geoffrey Khan.
264 1 _bOpen Book Publishers,
300 _a1 online resource (708 pages) :
_billustrations (some colour)
490 1 _aCambridge Semitic languages and cultures
_x2632-6914 ;
_vvol. 3
500 _aAt head of front cover: Cambridge Semitic languages and cultures.
500 _aAvailable through Open Book Publishers.
504 _aIncludes bibliographical references.
505 0 _aContents -- Contributors -- Preface / Aaron D. Hornkohl and Geoffrey Khan -- Vowel Quantity and Quality in Neo-Punic and Latin Inscriptions / Robert Crellin and Lucia Tamponi -- The Development of the Hebrew Wayyiqṭol / Benjamin Kantor -- The Representation of Gutturals by Vowels in the LXX / Peter Myers -- Biblical Quotations in the Aramaic Incantation Bowls / Dorota Molin -- The Reflexes of *i and *u* / Benjamin D. Suchard -- Shared Tradition in Syriac, Arabic, and Hebrew Vocalisation / Nick Posegay -- Discord between Tiberian Written and Reading Traditions / Aaron D. Hornkohl -- Qere and Ketiv in the Exegesis of the Karaites and Saadya / Joseph Habib -- Pausal Forms and Prosodic Structure in Tiberian Hebrew / Vincent DeCaen and B. Elan Dresher -- Samuel ben Jacob's Treatment of Exceptional Vocalic Shewas / Kim Phillips -- The Tiberian Tradition in Common Bibles from the Genizah / Benjamin Outhwaite -- Near-Model and Non-Standard Tiberian Torah Manuscripts / Estara Arrant -- The Imperfect Oral Performance of the Tiberian Tradition / Geoffrey Khan -- Variants in Ashkenazic Biblical Manuscripts / Élodie Attia -- The Prosodic Models of Andalusi Hebrew Metrics / José Martínez Delgado -- Marginalia to the Qillirian Rhyme System / Michael Rand -- Index.
506 _aOpen access resource providing free access.
520 _a"This volume brings together papers relating to the pronunciation of Semitic languages and the representation of their pronunciation in written form. The papers focus on sources representative of a period that stretches from late antiquity until the Middle Ages. A large proportion of them concern reading traditions of Biblical Hebrew, especially the vocalisation notation systems used to represent them. Also discussed are orthography and the written representation of prosody. Beyond Biblical Hebrew, there are studies concerning Punic, Biblical Aramaic, Syriac, and Arabic, as well as post-biblical traditions of Hebrew such as piyyuṭ and medieval Hebrew poetry. There were many parallels and interactions between these various language traditions and the volume demonstrates that important insights can be gained from such a wide range of perspectives across different historical periods."--Publisher's website.
538 _aMode of access: World Wide Web.
540 _aThis work is licensed under a Creative Commons Attribution 4.0 International license (CC BY 4.0). For more detailed information consult the publisher's website.
650 0 _aSemitic languages
_vTexts.
650 0 _aSemitic languages
_xPhonetics.
650 0 _aSemitic languages
_xPronunciation.
700 1 _aHornkohl, Aaron D.,
_eeditor.
700 1 _aKhan, Geoffrey,
_eeditor.
710 2 _aOpen Book Publishers,
_epublisher.
830 0 _aSemitic languages and cultures ;
_vv. 3.
_x2632-6914
856 4 0 _uhttp://doi.org/10.11647/OBP.0207
_zConnect to e-book
856 4 2 _uhttps://www.openbookpublishers.com/shopimages/products/cover/1167.jpg
_zConnect to cover image
999 _c29219
_d29219